Sources and methods used for the national accounts of Kenya / (Record no. 719)
[ view plain ]
| 000 -LEADER | |
|---|---|
| fixed length control field | 00687nam a22002052 4500 |
| 001 - CONTROL NUMBER | |
| control field | 0000007335 |
| 005 - DATE AND TIME OF LATEST TRANSACTION | |
| control field | 20151021151113.0 |
| 008 - FIXED-LENGTH DATA ELEMENTS--GENERAL INFORMATION | |
| fixed length control field | 080110s xx 000 0 eng d |
| 020 ## - INTERNATIONAL STANDARD BOOK NUMBER | |
| Terms of availability | KES |
| 040 ## - CATALOGING SOURCE | |
| Original cataloging agency | KABU |
| Transcribing agency | KABU |
| 110 2# - MAIN ENTRY--CORPORATE NAME | |
| Corporate name or jurisdiction name as entry element | Kenya. |
| Subordinate unit | Central Bureau of Statistics. |
| -- | 0000149899 |
| 245 10 - TITLE STATEMENT | |
| Title | Sources and methods used for the national accounts of Kenya / |
| Statement of responsibility, etc. | Cental Bureau of Statistics. |
| 260 ## - PUBLICATION, DISTRIBUTION, ETC. (IMPRINT) | |
| Place of publication, distribution, etc. | Nairobi : |
| Name of publisher, distributor, etc. | [Government Printer], |
| Date of publication, distribution, etc. | 1977. |
| 300 ## - PHYSICAL DESCRIPTION | |
| Extent | 192 p. |
| 650 #0 - SUBJECT ADDED ENTRY--TOPICAL TERM | |
| Topical term or geographic name as entry element | National income |
| General subdivision | Accounting |
| Geographic subdivision | Kenya. |
| -- | 0000158555 |
| 650 #0 - SUBJECT ADDED ENTRY--TOPICAL TERM | |
| Topical term or geographic name as entry element | Social accounting |
| Geographic subdivision | Kenya. |
| -- | 0000158556 |
| 908 ## - PUT COMMAND PARAMETER (RLIN) | |
| Put command parameter | 080110 |
| 950 ## - LOCAL HOLDINGS (RLIN) | |
| -- | 1 |
| Withdrawn status | Lost status | Source of classification or shelving scheme | Not for loan | Home library | Current library | Date acquired | Total Checkouts | Full call number | Barcode | Date last seen | Price effective from | Koha item type |
|---|---|---|---|---|---|---|---|---|---|---|---|---|
| Library of Congress Classification | Kabarak, Nakuru City Campus | Kabarak, Nakuru City Campus | 21/10/2015 | HC865 Z9I5K46 | 011863 | 21/10/2015 | 21/10/2015 | General Collection |